Animal General Knowledge #1 - Statistics

General Stats
  • This quiz has been taken 1,226 times
  • The average score is 9 of 15
Answer Stats
Hint Answer % Correct
The fastest land animal Cheetah
96%
A symbol of China, the ICUN has recently reclassified this animal as Vulnerable Giant Panda
89%
What an elephant's tusks are made out of Ivory
85%
What a group of lions is called A Pride
84%
A person who illegally hunts animals A Poacher
83%
The Minotaur was half-man and half: Bull
82%
A cow has four of these (HINT: Not legs) Stomachs
76%
What the things on a porcupine's back are called Quills
61%
The largest species of dolphin Orca
56%
The archipelago where his species lived Galapagos Islands
48%
What type of animal was Lonesome George? Pinta Island Tortoise
47%
Maine is well known for these Lobster
40%
The heaviest flying bird Kori Bustard
6%
An extinct species of bear that once lived in North Africa Atlas Bear
5%
Scientific name of a wolverine Gulo Gulo
5%
No matching quizzes found
Score Distribution
Percent of People with Each Score
Percentile by Number Answered
Your Score History
You have not taken this quiz